[Event "Moscow Aeroflot op-A 18th"]
[Site "Moscow"]
[Date "2019.02.24"]
[Round "6"]
[White "Nabaty, Tamir"]
[Black "Nihal, Sarin"]
[Result "1-0"]
[WhiteElo "2688"]
[BlackElo "2578"]
[PlyCount "49"]
[EventDate "2019.02.20"]
[EventType "swiss"]
[EventRounds "9"]
[EventCountry "RUS"]
[SourceTitle "CBM 189"]
[Source "ChessBase"]
[SourceDate "2019.04.29"]
[SourceVersion "1"]
[SourceVersionDate "2019.04.29"]
[SourceQuality "1"]

1. d4 d5 2. c4 e6 3. Nc3 c6 4. e4 Bb4 5. Bd3 dxe4 6. Bxe4 Nf6 7. Bc2 c5 8. Nge2
O-O 9. O-O Bxc3 10. bxc3 Nbd7 11. Ng3 Qc7 12. Qd3 g6 13. Bh6 Re8 14. f4 b6 15.
f5 Bb7 16. fxg6 fxg6 17. Qe2 cxd4 18. cxd4 e5 19. d5 Rac8 20. Bb3 Qd6 21. Rf2
Rf8 22. Bxf8 Rxf8 23. Raf1 Bc8 24. Qe3 Kg7 25. Qg5 1-0

[Event "Moscow Aeroflot op-A 18th"]
[Site "Moscow"]
[Date "2019.02.24"]
[Round "6"]
[White "Narayanan, Srinath"]
[Black "Afanasiev, Nikita"]
[Result "0-1"]
[WhiteElo "2572"]
[BlackElo "2508"]
[PlyCount "82"]
[EventDate "2019.02.20"]
[EventType "swiss"]
[EventRounds "9"]
[EventCountry "RUS"]
[SourceTitle "CBM 189"]
[Source "ChessBase"]
[SourceDate "2019.04.29"]
[SourceVersion "1"]
[SourceVersionDate "2019.04.29"]
[SourceQuality "1"]

1. e4 e5 2. Nf3 Nc6 3. Bb5 Nf6 4. d3 Bc5 5. Ba4 O-O 6. O-O d6 7. c3 Ne7 8. Bg5
Ng6 9. Nh4 h6 10. Nxg6 fxg6 11. Be3 Ng4 12. Bxc5 dxc5 13. Bb3+ Kh7 14. h3 Nf6
15. f4 exf4 16. Rxf4 Qd6 17. Rf3 Bg4 18. hxg4 Nxg4 19. g3 c4 20. d4 cxb3 21.
Nd2 bxa2 22. Rxa2 h5 23. e5 Qd5 24. Ra1 c5 25. Qf1 Ne3 26. Rxe3 Rxf1+ 27. Nxf1
cxd4 28. Rd1 Qb3 29. Rxd4 Qxb2 30. e6 Re8 31. e7 Qa3 32. Rde4 a5 33. Nh2 Qc1+
34. Kf2 Qb2+ 35. Re2 Qxc3 36. Nf3 a4 37. Ng5+ Kg8 38. Kg2 a3 39. Rf2 Qc5 40.
Rf8+ Rxf8 41. e8=Q Qxg5 0-1

[Event "Moscow Aeroflot op-A 18th"]
[Site "Moscow"]
[Date "2019.02.24"]
[Round "6"]
[White "Paravyan, David"]
[Black "Sychev, Klementy"]
[Result "1/2-1/2"]
[WhiteElo "2627"]
[BlackElo "2545"]
[PlyCount "31"]
[EventDate "2019.02.20"]
[EventType "swiss"]
[EventRounds "9"]
[EventCountry "RUS"]
[SourceTitle "CBM 189"]
[Source "ChessBase"]
[SourceDate "2019.04.29"]
[SourceVersion "1"]
[SourceVersionDate "2019.04.29"]
[SourceQuality "1"]

1. e4 c6 2. d4 d5 3. exd5 cxd5 4. Nf3 Nc6 5. Bb5 Nf6 6. O-O Bg4 7. c3 e6 8. h3
Bh5 9. g4 Bg6 10. Ne5 Rc8 11. Qa4 Qb6 12. c4 a6 13. Bxc6+ bxc6 14. Nc3 Be7 15.
g5 Bf5 16. Re1 1/2-1/2

[Event "Moscow Aeroflot op-A 18th"]
[Site "Moscow"]
[Date "2019.02.24"]
[Round "6"]
[White "Petrosyan, Manuel"]
[Black "Zvjaginsev, Vadim"]
[Result "1/2-1/2"]
[WhiteElo "2564"]
[BlackElo "2642"]
[PlyCount "37"]
[EventDate "2019.02.20"]
[EventType "swiss"]
[EventRounds "9"]
[EventCountry "RUS"]
[SourceTitle "CBM 189"]
[Source "ChessBase"]
[SourceDate "2019.04.29"]
[SourceVersion "1"]
[SourceVersionDate "2019.04.29"]
[SourceQuality "1"]

1. d4 d6 2. Nf3 Nf6 3. c4 g6 4. Nc3 Bf5 5. Ng5 Bd7 6. f4 Bg7 7. e4 e5 8. fxe5
dxe5 9. dxe5 Ng4 10. e6 Bxe6 11. Qxd8+ Kxd8 12. Be2 Ne5 13. Nxe6+ fxe6 14. Bd2
Nbd7 15. O-O-O c6 16. Kc2 Ke7 17. Rhf1 h6 18. Be3 b6 19. b4 1/2-1/2

[Event "Moscow Aeroflot op-A 18th"]
[Site "Moscow"]
[Date "2019.02.24"]
[Round "6"]
[White "Praggnanandhaa, Rameshbabu"]
[Black "Kobalia, Mihail"]
[Result "1/2-1/2"]
[WhiteElo "2532"]
[BlackElo "2627"]
[PlyCount "43"]
[EventDate "2019.02.20"]
[EventType "swiss"]
[EventRounds "9"]
[EventCountry "RUS"]
[SourceTitle "CBM 189"]
[Source "ChessBase"]
[SourceDate "2019.04.29"]
[SourceVersion "1"]
[SourceVersionDate "2019.04.29"]
[SourceQuality "1"]

1. e4 e5 2. Nf3 Nc6 3. Bb5 g6 4. c3 a6 5. Ba4 d6 6. d4 Bd7 7. O-O Bg7 8. Re1
Nge7 9. h3 O-O 10. Bc2 Qe8 11. dxe5 dxe5 12. Be3 Kh8 13. Bc5 f5 14. Nbd2 f4 15.
Bb3 Bf6 16. Bd5 Rd8 17. Qc2 b6 18. Ba3 Na5 19. Nb3 Nac6 20. Nbd2 Na5 21. Nb3
Nac6 22. Nbd2 1/2-1/2

[Event "Moscow Aeroflot op-A 18th"]
[Site "Moscow"]
[Date "2019.02.24"]
[Round "6"]
[White "Santos Ruiz, Miguel"]
[Black "Indjic, Aleksandar"]
[Result "1/2-1/2"]
[WhiteElo "2554"]
[BlackElo "2630"]
[PlyCount "53"]
[EventDate "2019.02.20"]
[EventType "swiss"]
[EventRounds "9"]
[EventCountry "RUS"]
[SourceTitle "CBM 189"]
[Source "ChessBase"]
[SourceDate "2019.04.29"]
[SourceVersion "1"]
[SourceVersionDate "2019.04.29"]
[SourceQuality "1"]

1. d4 Nf6 2. c4 e6 3. Nc3 c5 4. d5 exd5 5. cxd5 d6 6. e4 g6 7. f4 Bg7 8. Bb5+
Nfd7 9. Be2 Nb6 10. Nf3 Bg4 11. O-O Bxf3 12. Bxf3 O-O 13. Qc2 Na6 14. a3 Bd4+
15. Kh1 Nc7 16. b3 f5 17. Bb2 Qf6 18. Rad1 Rac8 19. e5 dxe5 20. fxe5 Qxe5 21.
d6 Qxd6 22. b4 Ne6 23. Bxb7 cxb4 24. Bxc8 Rxc8 25. axb4 Qxb4 26. Qe2 Qc4 27.
Rfe1 1/2-1/2

[Event "Moscow Aeroflot op-A 18th"]
[Site "Moscow"]
[Date "2019.02.24"]
[Round "6"]
[White "Sarana, Alexey"]
[Black "Karthikeyan, Murali"]
[Result "1-0"]
[WhiteElo "2630"]
[BlackElo "2560"]
[PlyCount "129"]
[EventDate "2019.02.20"]
[EventType "swiss"]
[EventRounds "9"]
[EventCountry "RUS"]
[SourceTitle "CBM 189"]
[Source "ChessBase"]
[SourceDate "2019.04.29"]
[SourceVersion "1"]
[SourceVersionDate "2019.04.29"]
[SourceQuality "1"]

1. d4 Nf6 2. c4 e6 3. Nf3 d5 4. Nc3 Bb4 5. Bg5 h6 6. Bxf6 Qxf6 7. Qa4+ Nc6 8.
e3 O-O 9. Rd1 a6 10. Qb3 Qe7 11. cxd5 exd5 12. Be2 Rd8 13. a3 Bxc3+ 14. Qxc3
Bg4 15. Rc1 Rd7 16. h3 Bxf3 17. Bxf3 Nd8 18. Bg4 Ne6 19. b4 c6 20. O-O Rdd8 21.
a4 Ng5 22. Qc5 Rd6 23. Bf5 Ne4 24. Bxe4 dxe4 25. Qb6 Rd7 26. Rc5 Qd8 27. Qxd8+
Rdxd8 28. Rfc1 Re8 29. g4 Re6 30. Kg2 g6 31. Kg3 Rae8 32. b5 cxb5 33. axb5 b6
34. Rc8 Kg7 35. bxa6 R8e7 36. Ra8 b5 37. Ra1 Re8 38. Rxe8 Rxe8 39. a7 Ra8 40.
Kf4 b4 41. Kxe4 b3 42. Rb1 Rxa7 43. Rxb3 Ra2 44. Kf3 Rd2 45. Rb5 g5 46. h4 Kg6
47. Rb6+ Kg7 48. h5 Kh7 49. Rd6 Kg7 50. Ra6 Kh7 51. Ra4 Kg7 52. e4 Rd3+ 53. Ke2
Rb3 54. e5 Rc3 55. f3 Rb3 56. d5 Rb5 57. Rd4 Kf8 58. Ke3 Ke7 59. Ke4 Rb1 60.
Ra4 Re1+ 61. Kf5 Rf1 62. d6+ Ke8 63. Ra8+ Kd7 64. Ra7+ Ke8 65. Ke4 1-0

[Event "Moscow Aeroflot op-A 18th"]
[Site "Moscow"]
[Date "2019.02.24"]
[Round "6"]
[White "Sargsyan, Shant"]
[Black "Grachev, Boris V"]
[Result "1/2-1/2"]
[WhiteElo "2488"]
[BlackElo "2626"]
[PlyCount "42"]
[EventDate "2019.02.20"]
[EventType "swiss"]
[EventRounds "9"]
[EventCountry "RUS"]
[SourceTitle "CBM 189"]
[Source "ChessBase"]
[SourceDate "2019.04.29"]
[SourceVersion "1"]
[SourceVersionDate "2019.04.29"]
[SourceQuality "1"]

1. d4 d5 2. c4 e6 3. Nf3 Nf6 4. g3 dxc4 5. Bg2 Bb4+ 6. Bd2 a5 7. Qc2 Bxd2+ 8.
Qxd2 c6 9. a4 b5 10. axb5 cxb5 11. Qg5 O-O 12. Qxb5 Ba6 13. Qa4 Qb6 14. Nbd2
Bb5 15. Qa2 Rc8 16. O-O Nd5 17. Rfc1 Nd7 18. Ne4 N7f6 19. Nc5 Nd7 20. Ne4 N7f6
21. Nc5 Nd7 1/2-1/2

[Event "Moscow Aeroflot op-A 18th"]
[Site "Moscow"]
[Date "2019.02.24"]
[Round "6"]
[White "Schitco, Ivan"]
[Black "Sindarov, Javokhir"]
[Result "1/2-1/2"]
[WhiteElo "2426"]
[BlackElo "2505"]
[PlyCount "61"]
[EventDate "2019.02.20"]
[EventType "swiss"]
[EventRounds "9"]
[EventCountry "RUS"]
[SourceTitle "CBM 189"]
[Source "ChessBase"]
[SourceDate "2019.04.29"]
[SourceVersion "1"]
[SourceVersionDate "2019.04.29"]
[SourceQuality "1"]

1. d4 Nf6 2. c4 c5 3. d5 e6 4. Nc3 exd5 5. cxd5 d6 6. e4 g6 7. Bd3 Bg7 8. h3
O-O 9. Nf3 b5 10. Bxb5 Nxe4 11. Nxe4 Qa5+ 12. Nfd2 Qxb5 13. Nxd6 Qa6 14. N2c4
Nd7 15. O-O Ne5 16. Nxc8 Raxc8 17. Nxe5 Bxe5 18. Qf3 c4 19. Rb1 Qxa2 20. Bg5
Rfe8 21. Rbd1 Qa6 22. Rfe1 Qd6 23. Re2 f6 24. Be3 Rb8 25. Bd4 Rb3 26. Bxe5 Rxe5
27. Rxe5 Rxf3 28. Re6 Rd3 29. Rxd6 Rxd1+ 30. Kh2 Kg7 31. Rd7+ 1/2-1/2

[Event "Moscow Aeroflot op-A 18th"]
[Site "Moscow"]
[Date "2019.02.24"]
[Round "6"]
[White "Sjugirov, Sanan"]
[Black "Yakubboev, Nodirbek"]
[Result "1/2-1/2"]
[WhiteElo "2663"]
[BlackElo "2569"]
[PlyCount "61"]
[EventDate "2019.02.20"]
[EventType "swiss"]
[EventRounds "9"]
[EventCountry "RUS"]
[SourceTitle "CBM 189"]
[Source "ChessBase"]
[SourceDate "2019.04.29"]
[SourceVersion "1"]
[SourceVersionDate "2019.04.29"]
[SourceQuality "1"]

1. d4 Nf6 2. c4 e6 3. Nf3 b6 4. g3 Ba6 5. b3 Bb4+ 6. Bd2 Be7 7. Bg2 c6 8. Bc3
d5 9. Nbd2 Nbd7 10. Qc2 c5 11. dxc5 bxc5 12. O-O d4 13. Bb2 e5 14. e4 O-O 15.
Ne1 Bb7 16. Nd3 Qc7 17. Rae1 Rae8 18. Qd1 g6 19. a3 a5 20. Bf3 Kg7 21. Bc1 Bc6
22. a4 Bd6 23. Bg2 Qb7 24. Re2 h5 25. h3 Rh8 26. Rfe1 h4 27. g4 Nh7 28. Nb1 g5
29. Na3 Be7 30. Nb5 Nhf8 31. Bd2 1/2-1/2

[Event "Moscow Aeroflot op-A 18th"]
[Site "Moscow"]
[Date "2019.02.24"]
[Round "6"]
[White "Stupak, Kirill"]
[Black "Aditya, Mittal"]
[Result "1-0"]
[WhiteElo "2537"]
[BlackElo "2454"]
[PlyCount "111"]
[EventDate "2019.02.20"]
[EventType "swiss"]
[EventRounds "9"]
[EventCountry "RUS"]
[SourceTitle "CBM 189"]
[Source "ChessBase"]
[SourceDate "2019.04.29"]
[SourceVersion "1"]
[SourceVersionDate "2019.04.29"]
[SourceQuality "1"]

1. d4 d5 2. Nf3 Nf6 3. c4 c6 4. Nc3 e6 5. Bg5 dxc4 6. e4 b5 7. e5 h6 8. Bh4 g5
9. Nxg5 hxg5 10. Bxg5 Nbd7 11. g3 Bb7 12. Bg2 Qb6 13. exf6 c5 14. d5 O-O-O 15.
O-O b4 16. Na4 Qa6 17. a3 Bxd5 18. axb4 Ne5 19. Qe2 Qc6 20. f3 Nd3 21. b5 Qd7
22. Nc3 Bh6 23. f4 Bxg5 24. fxg5 Kb8 25. h4 Bxg2 26. Kxg2 e5 27. Qe4 Nf4+ 28.
Kg1 Qd4+ 29. Qxd4 cxd4 30. Ne4 Ne2+ 31. Kg2 d3 32. Ra4 Rd4 33. Nc3 Rg4 34. Nxe2
dxe2 35. Re1 Rhxh4 36. Rxe2 Rxg5 37. Rxe5 Rxe5 38. gxh4 Rxb5 39. Rxc4 Rxb2+ 40.
Kg3 Rb6 41. Rf4 Kc7 42. Kg4 Kd7 43. Kg5 Ke8 44. Rc4 Rb1 45. h5 Rg1+ 46. Kh6 a5
47. Rc5 Kd7 48. Rxa5 Ke6 49. Rg5 Rf1 50. Kg7 Rxf6 51. h6 Rf1 52. h7 Rh1 53.
h8=Q Rxh8 54. Kxh8 Kf6 55. Rg1 Ke5 56. Re1+ 1-0

[Event "Moscow Aeroflot op-A 18th"]
[Site "Moscow"]
[Date "2019.02.24"]
[Round "6"]
[White "Tabatabaei, Mohammad Amin"]
[Black "Sasikiran, Krishnan"]
[Result "1/2-1/2"]
[WhiteElo "2590"]
[BlackElo "2678"]
[PlyCount "45"]
[EventDate "2019.02.20"]
[EventType "swiss"]
[EventRounds "9"]
[EventCountry "RUS"]
[SourceTitle "CBM 189"]
[Source "ChessBase"]
[SourceDate "2019.04.29"]
[SourceVersion "1"]
[SourceVersionDate "2019.04.29"]
[SourceQuality "1"]

1. Nf3 g6 2. e4 Bg7 3. d4 d6 4. Nc3 Nf6 5. Be2 O-O 6. O-O c6 7. h3 Nbd7 8. Bf4
Qc7 9. e5 dxe5 10. Nxe5 Nxe5 11. Bxe5 Qb6 12. Na4 Qa5 13. c3 Nd7 14. Bxg7 Kxg7
15. Re1 e5 16. b4 Qc7 17. dxe5 Nxe5 18. Qd4 Rd8 19. Qf4 f6 20. Nb2 a5 21. Nd3
Bf5 22. Nxe5 Qxe5 23. Qxe5 1/2-1/2

[Event "Moscow Aeroflot op-A 18th"]
[Site "Moscow"]
[Date "2019.02.24"]
[Round "6"]
[White "Tahbaz, Arash"]
[Black "Kevlishvili, Robby"]
[Result "0-1"]
[WhiteElo "2484"]
[BlackElo "2463"]
[PlyCount "74"]
[EventDate "2019.02.20"]
[EventType "swiss"]
[EventRounds "9"]
[EventCountry "RUS"]
[SourceTitle "CBM 189"]
[Source "ChessBase"]
[SourceDate "2019.04.29"]
[SourceVersion "1"]
[SourceVersionDate "2019.04.29"]
[SourceQuality "1"]

1. e4 c5 2. Nf3 d6 3. d4 cxd4 4. Nxd4 Nf6 5. Nc3 a6 6. f3 e5 7. Nb3 Be6 8. Be3
h5 9. Qd2 Nbd7 10. Nd5 Bxd5 11. exd5 g6 12. Na5 Qc7 13. Be2 Bg7 14. c4 O-O 15.
Rc1 b6 16. Nc6 Nb8 17. Nxb8 Qxb8 18. b4 Nd7 19. O-O a5 20. a3 axb4 21. axb4 Ra3
22. Ra1 Qa7 23. Rxa3 Qxa3 24. Rc1 Ra8 25. Rb1 e4 26. Bd4 Qa2 27. Rb2 Qa1+ 28.
Kf2 exf3 29. gxf3 Qh1 30. Bxg7 Qxh2+ 31. Kf1 Ra1+ 32. Bd1 Qh1+ 33. Ke2 Kxg7 34.
Qd4+ Ne5 35. f4 Qf3+ 36. Ke1 Rxd1+ 37. Qxd1 Nd3+ 0-1

[Event "Moscow Aeroflot op-A 18th"]
[Site "Moscow"]
[Date "2019.02.24"]
[Round "6"]
[White "Vaibhav, Suri"]
[Black "Ganguly, Surya Shekhar"]
[Result "1-0"]
[WhiteElo "2575"]
[BlackElo "2636"]
[PlyCount "71"]
[EventDate "2019.02.20"]
[EventType "swiss"]
[EventRounds "9"]
[EventCountry "RUS"]
[SourceTitle "CBM 189"]
[Source "ChessBase"]
[SourceDate "2019.04.29"]
[SourceVersion "1"]
[SourceVersionDate "2019.04.29"]
[SourceQuality "1"]

1. c4 Nf6 2. Nc3 e6 3. e4 d5 4. cxd5 exd5 5. e5 Ne4 6. Nf3 Bf5 7. d3 Nxc3 8.
bxc3 c5 9. d4 c4 10. Be2 b5 11. O-O Nc6 12. a3 a5 13. Ne1 b4 14. g4 Be4 15. f3
Bg6 16. f4 Be4 17. Bf3 bxc3 18. Be3 Qd7 19. Bxe4 dxe4 20. d5 Rd8 21. Bb6 Qxd5
22. Bxd8 Bc5+ 23. Kh1 Nd4 24. Bxa5 c2 25. Qd2 O-O 26. Qg2 Bxa3 27. Nxc2 Nxc2
28. Qxc2 e3+ 29. Kg1 Qxa5 30. Qxc4 Qb6 31. Rfb1 Qa7 32. Qd3 e2+ 33. Kg2 Ra8 34.
Qxa3 e1=Q 35. Qxa7 Qe2+ 36. Qf2 1-0

[Event "Moscow Aeroflot op-A 18th"]
[Site "Moscow"]
[Date "2019.02.24"]
[Round "6"]
[White "Van Foreest, Jorden"]
[Black "Suleymenov, Alisher"]
[Result "1-0"]
[WhiteElo "2618"]
[BlackElo "2428"]
[PlyCount "75"]
[EventDate "2019.02.20"]
[EventType "swiss"]
[EventRounds "9"]
[EventCountry "RUS"]
[SourceTitle "CBM 189"]
[Source "ChessBase"]
[SourceDate "2019.04.29"]
[SourceVersion "1"]
[SourceVersionDate "2019.04.29"]
[SourceQuality "1"]

1. e4 e6 2. d4 d5 3. Nc3 Bb4 4. e5 Ne7 5. a3 Bxc3+ 6. bxc3 c5 7. Qg4 O-O 8. Bd3
f5 9. exf6 Rxf6 10. Bg5 Rf7 11. Qh5 g6 12. Qd1 Qa5 13. Nf3 c4 14. Be2 Qxc3+ 15.
Bd2 Qb2 16. Bb4 Nbc6 17. Rb1 Qa2 18. Bc5 b6 19. Bxe7 Rxe7 20. Qc1 c3 21. Bb5
Bd7 22. O-O Na5 23. Bd3 Nc4 24. Rb3 Ba4 25. Bxc4 dxc4 26. Rxc3 Bc6 27. Ne5 Bd5
28. h4 Rg7 29. h5 Rf8 30. hxg6 hxg6 31. Re1 b5 32. Rg3 Rf6 33. Ng4 Rf8 34. Nh6+
Kh8 35. Rh3 Rh7 36. Qg5 Rg7 37. Nf5+ Kg8 38. Rh8+ 1-0

[Event "Moscow Aeroflot op-A 18th"]
[Site "Moscow"]
[Date "2019.02.24"]
[Round "6"]
[White "Vishnu, Prasanna V"]
[Black "Gavrilescu, David"]
[Result "1/2-1/2"]
[WhiteElo "2524"]
[BlackElo "2479"]
[PlyCount "73"]
[EventDate "2019.02.20"]
[EventType "swiss"]
[EventRounds "9"]
[EventCountry "RUS"]
[SourceTitle "CBM 189"]
[Source "ChessBase"]
[SourceDate "2019.04.29"]
[SourceVersion "1"]
[SourceVersionDate "2019.04.29"]
[SourceQuality "1"]

1. d4 Nf6 2. c4 e6 3. Nf3 d5 4. Nc3 Bb4 5. Bg5 dxc4 6. e4 h6 7. Bxf6 Qxf6 8.
Bxc4 c5 9. O-O cxd4 10. e5 Qd8 11. Ne4 O-O 12. Qe2 Be7 13. Rfd1 Qa5 14. b4 Qxb4
15. Nxd4 Rd8 16. Rab1 Qa5 17. Nf6+ gxf6 18. Qg4+ Kf8 19. Nf5 exf5 20. Qh5 Be6
21. Qxh6+ Ke8 22. Bxe6 Nd7 23. exf6 Nxf6 24. Qh8+ Bf8 25. Qxf6 Rxd1+ 26. Rxd1
fxe6 27. Qxe6+ Be7 28. Re1 Qd8 29. Qg6+ Kf8 30. Qxf5+ Bf6 31. g4 Kg8 32. g5 Bg7
33. Qe6+ Kh8 34. Qh3+ Kg8 35. Qe6+ Kh8 36. Qh3+ Kg8 37. Qe6+ 1/2-1/2

[Event "Moscow Aeroflot op-A 18th"]
[Site "Moscow"]
[Date "2019.02.24"]
[Round "6"]
[White "Vokhidov, Shamsiddin"]
[Black "Chen, Qi B"]
[Result "1-0"]
[WhiteElo "2494"]
[BlackElo "2443"]
[PlyCount "77"]
[EventDate "2019.02.20"]
[EventType "swiss"]
[EventRounds "9"]
[EventCountry "RUS"]
[SourceTitle "CBM 189"]
[Source "ChessBase"]
[SourceDate "2019.04.29"]
[SourceVersion "1"]
[SourceVersionDate "2019.04.29"]
[SourceQuality "1"]

1. e4 e5 2. Nf3 Nc6 3. Bb5 Nf6 4. d3 Bc5 5. c3 O-O 6. O-O d6 7. Ba4 a5 8. h3 h6
9. Re1 Ba7 10. Nbd2 Nh5 11. Nf1 Qf6 12. Ne3 Nf4 13. Ng4 Qg6 14. Bxf4 exf4 15.
d4 Bxg4 16. hxg4 Qxg4 17. Qd3 Ne7 18. e5 Ng6 19. exd6 cxd6 20. Qb5 Qc8 21. Qd5
Qc7 22. Re2 Rac8 23. Bb5 Bb6 24. Rae1 Kh8 25. Qh5 Qd8 26. Bd3 Qf6 27. Qb5 Bd8
28. Qxb7 Rc7 29. Qd5 Re7 30. Nd2 Rxe2 31. Rxe2 Nh4 32. Re1 Bc7 33. Qe4 g6 34.
Qe7 Qxe7 35. Rxe7 Bd8 36. Rd7 Re8 37. Kf1 Be7 38. Rb7 Bg5 39. Rxf7 1-0

[Event "Moscow Aeroflot op-A 18th"]
[Site "Moscow"]
[Date "2019.02.24"]
[Round "6"]
[White "Warmerdam, Max"]
[Black "Aryan, Chopra"]
[Result "0-1"]
[WhiteElo "2450"]
[BlackElo "2540"]
[PlyCount "90"]
[EventDate "2019.02.20"]
[EventType "swiss"]
[EventRounds "9"]
[EventCountry "RUS"]
[SourceTitle "CBM 189"]
[Source "ChessBase"]
[SourceDate "2019.04.29"]
[SourceVersion "1"]
[SourceVersionDate "2019.04.29"]
[SourceQuality "1"]

1. d4 Nf6 2. c4 g6 3. g3 Bg7 4. Bg2 O-O 5. Nc3 d6 6. Nf3 Nc6 7. O-O e5 8. dxe5
dxe5 9. Bg5 Be6 10. Qc1 Qc8 11. Rd1 Re8 12. Nd2 Nd7 13. Nd5 Nd4 14. Re1 f6 15.
Be3 Nf5 16. Ne4 c6 17. Nb4 Nxe3 18. Nd6 Nxg2 19. Nxc8 Nxe1 20. Nd6 Red8 21.
Qxe1 Nc5 22. Nxb7 Nxb7 23. Nxc6 Rd7 24. Rd1 Rc7 25. Na5 Bf8 26. b3 Nc5 27. b4
Nb7 28. Nxb7 Rxb7 29. c5 Bxa2 30. c6 Rf7 31. b5 Bc5 32. Qa5 Be6 33. Rd8+ Rxd8
34. Qxd8+ Rf8 35. Qc7 Bb6 36. Qe7 Bh3 37. c7 Rc8 38. Qxf6 Rxc7 39. Qd8+ Kg7 40.
Qg5 Bd4 41. Qd2 Rc3 42. Qg5 Rc7 43. Qd2 Rd7 44. Qc1 Bb6 45. e3 e4 0-1

[Event "Moscow Aeroflot op-A 18th"]
[Site "Moscow"]
[Date "2019.02.24"]
[Round "6"]
[White "Yuffa, Daniil"]
[Black "Sethuraman, SP."]
[Result "1/2-1/2"]
[WhiteElo "2578"]
[BlackElo "2651"]
[PlyCount "127"]
[EventDate "2019.02.20"]
[EventType "swiss"]
[EventRounds "9"]
[EventCountry "RUS"]
[SourceTitle "CBM 189"]
[Source "ChessBase"]
[SourceDate "2019.04.29"]
[SourceVersion "1"]
[SourceVersionDate "2019.04.29"]
[SourceQuality "1"]

1. d4 Nf6 2. c4 e6 3. g3 d5 4. Bg2 Bb4+ 5. Bd2 Be7 6. Nf3 O-O 7. O-O Nbd7 8.
Qb3 c6 9. Rd1 a5 10. Bf4 b5 11. c5 Nh5 12. Bc1 f5 13. Na3 Bf6 14. Nc2 Qe7 15.
Qe3 Bb7 16. Ne5 Bxe5 17. dxe5 Nxc5 18. Bf3 g6 19. Bxh5 gxh5 20. Qh6 Nd7 21. Nd4
Rfe8 22. Bf4 Qf7 23. Rac1 Rac8 24. Nb3 c5 25. Nxa5 Ba8 26. Nb3 d4 27. Rd2 Qg6
28. Qxg6+ hxg6 29. h4 Bd5 30. Rdc2 Be4 31. Rd2 Bd5 32. f3 Rc6 33. Rdc2 Rec8 34.
Kf2 Kf7 35. Na5 Ra6 36. b4 Rca8 37. a3 c4 38. Rd1 Rxa5 39. bxa5 Rxa5 40. Rxd4
Rxa3 41. Rb2 Bc6 42. Rbd2 Nc5 43. Rd8 Bd5 44. Rc8 Nb3 45. Rd1 Ra2 46. Bg5 b4
47. Rc7+ Kg8 48. Ke1 c3 49. e4 fxe4 50. fxe4 c2 51. exd5 cxd1=Q+ 52. Kxd1 exd5
53. e6 Ra1+ 54. Kc2 Nd4+ 55. Kb2 Ra8 56. e7 Re8 57. Rd7 Nf5 58. Kb3 Kf7 59.
Kxb4 Nxe7 60. Kc5 Ke6 61. Rxe7+ Rxe7 62. Bxe7 Kxe7 63. Kxd5 Kf6 64. Ke4 1/2-1/2

[Event "Moscow Aeroflot op-A 18th"]
[Site "Moscow"]
[Date "2019.02.24"]
[Round "6"]
[White "Zhou, Jianchao"]
[Black "Martirosyan, Haik M"]
[Result "1/2-1/2"]
[WhiteElo "2615"]
[BlackElo "2616"]
[PlyCount "48"]
[EventDate "2019.02.20"]
[EventType "swiss"]
[EventRounds "9"]
[EventCountry "RUS"]
[SourceTitle "CBM 189"]
[Source "ChessBase"]
[SourceDate "2019.04.29"]
[SourceVersion "1"]
[SourceVersionDate "2019.04.29"]
[SourceQuality "1"]

1. d4 Nf6 2. c4 e6 3. Nc3 Bb4 4. Qc2 O-O 5. a3 Bxc3+ 6. Qxc3 d5 7. e3 b6 8. Nf3
Bb7 9. b3 Nbd7 10. Be2 c5 11. O-O Rc8 12. Bb2 cxd4 13. exd4 dxc4 14. bxc4 b5
15. c5 Bc6 16. Nd2 Nd5 17. Qg3 Qf6 18. Ne4 Qg6 19. Bd3 Qxg3 20. hxg3 Rb8 21.
Nd6 N7f6 22. Bc1 Rfd8 23. Rb1 a6 24. Bd2 Ra8 1/2-1/2

[Event "Moscow Aeroflot op-A 18th"]
[Site "Moscow"]
[Date "2019.02.24"]
[Round "6"]
[White "Zhu, Jiner"]
[Black "Pourramezanali, Amirreza"]
[Result "1/2-1/2"]
[WhiteElo "2442"]
[BlackElo "2529"]
[PlyCount "63"]
[EventDate "2019.02.20"]
[EventType "swiss"]
[EventRounds "9"]
[EventCountry "RUS"]
[SourceTitle "CBM 189"]
[Source "ChessBase"]
[SourceDate "2019.04.29"]
[SourceVersion "1"]
[SourceVersionDate "2019.04.29"]
[SourceQuality "1"]

1. e4 c6 2. d4 d5 3. e5 Bf5 4. Be3 Qb6 5. Qc1 e6 6. c4 Nd7 7. Nd2 f6 8. exf6
Ngxf6 9. h3 e5 10. c5 Qa5 11. a3 exd4 12. b4 Qa4 13. Bxd4 b6 14. Qc3 a5 15. Rc1
axb4 16. axb4 bxc5 17. bxc5 Qa5 18. Be2 Qxc3 19. Rxc3 Be7 20. Ngf3 O-O 21. O-O
Ra4 22. Be3 Ne4 23. Nxe4 Bxe4 24. Nd4 Bxc5 25. Nxc6 d4 26. Nxd4 Bxd4 27. Rc4
Bxe3 28. Rxa4 Bc6 29. Ra6 Bb6 30. Bg4 Rb8 31. Rb1 Bxf2+ 32. Kxf2 1/2-1/2

[Event "Moscow Aeroflot op-A 18th"]
[Site "Moscow"]
[Date "2019.02.25"]
[Round "7"]
[White "Aditya, Mittal"]
[Black "Tahbaz, Arash"]
[Result "1-0"]
[WhiteElo "2454"]
[BlackElo "2484"]
[PlyCount "83"]
[EventDate "2019.02.20"]
[EventType "swiss"]
[EventRounds "9"]
[EventCountry "RUS"]
[SourceTitle "CBM 189"]
[Source "ChessBase"]
[SourceDate "2019.04.29"]
[SourceVersion "1"]
[SourceVersionDate "2019.04.29"]
[SourceQuality "1"]

1. d4 Nf6 2. c4 g6 3. Nc3 Bg7 4. e4 d6 5. Nf3 O-O 6. Be2 e5 7. O-O Nc6 8. d5
Ne7 9. b4 a5 10. bxa5 c5 11. a4 Ne8 12. Ra3 h6 13. g3 f5 14. exf5 Nxf5 15. Ne4
Nf6 16. Bd3 Rxa5 17. Bd2 Ra6 18. a5 g5 19. Bc3 Nxe4 20. Bxe4 Nd4 21. Nxd4 exd4
22. Bd2 b6 23. Qh5 Qe8 24. Bg6 Qd7 25. Bxg5 Rxa5 26. Rxa5 bxa5 27. Re1 a4 28.
Be7 Rf5 29. Bxf5 Qxf5 30. Qe8+ Kh7 31. Bxd6 d3 32. Bf4 a3 33. Qa4 d2 34. Bxd2
Qd3 35. Bc1 Bh3 36. Qxa3 Bc3 37. Qb3 Qf3 38. Qc2+ Kg7 39. Qe4 Qxe4 40. Rxe4 Bf5
41. Re7+ Kf6 42. Rc7 1-0

[Event "Moscow Aeroflot op-A 18th"]
[Site "Moscow"]
[Date "2019.02.25"]
[Round "7"]
[White "Afanasiev, Nikita"]
[Black "Iturrizaga Bonelli, Eduardo"]
[Result "1-0"]
[WhiteElo "2508"]
[BlackElo "2640"]
[PlyCount "53"]
[EventDate "2019.02.20"]
[EventType "swiss"]
[EventRounds "9"]
[EventCountry "RUS"]
[SourceTitle "CBM 189"]
[Source "ChessBase"]
[SourceDate "2019.04.29"]
[SourceVersion "1"]
[SourceVersionDate "2019.04.29"]
[SourceQuality "1"]

1. d4 Nf6 2. Nf3 b6 3. c4 e6 4. a3 Bb7 5. Nc3 d6 6. d5 g6 7. g3 Bg7 8. Bg2 O-O
9. O-O Re8 10. e4 Nbd7 11. Nd4 a5 12. Rb1 e5 13. Ndb5 Nc5 14. b4 axb4 15. axb4
Na6 16. Be3 h5 17. Bg5 Qd7 18. Qd3 Rf8 19. Na4 Kh7 20. Rfc1 Ng8 21. Nbc3 Bh6
22. Bxh6 Nxh6 23. c5 dxc5 24. bxc5 Bc6 25. cxb6 Bxa4 26. b7 Ra7 27. Qe3 1-0